Score 0/30 Timer 05:00
13 Plays Today
Question Answer % Correct
What leaf appears on the national flag of Canada?Maple
97.5%
Which element has atomic number 12 and symbol Mg?Magnesium
95.1%
Stan Lee is the former president of what comic book company?Marvel
89.6%
What name is given to the galaxy that contains our solar system?Milky Way
88.2%
Oktoberfest is an annual beer festival held in which European city?Munich
87.5%
The Louvre and the Prado are famous examples of what?Museum
87.4%
Ray Kroc was responsible for which restaurant chain's success?McDonalds
82.6%
Which musical is based on the songs of the Swedish group ABBA?Mamma Mia!
81.9%
Alex the lion, Marty the zebra and Melman the giraffe are characters in what film series?Madagascar
81.7%
Which Biblical character is referred to as 'the baby in the bulrushes'?Moses
81.1%
What girl's name is also the 'rights' given by the police before an interrogation?Miranda
80.3%
What was the surname of comedians Chico, Harpo, Groucho, Gummo and Zeppo?Marx
79.5%
Ben Stiller first played Gaylord 'Greg' Focker in what 2000 comedy film?Meet the Parents
75.5%
What is the Spanish word for 'tomorrow'?Mañana
73.1%
Formerly known as Bombay, what is India's largest city?Mumbai
72.7%
Question Answer % Correct
What Tennessee city is home to the Graceland mansion?Memphis
71.6%
The Impressionism art movement is named after whose 'Impression, Sunrise' painting?Monet (Claude)
70.7%
What is the first book of the New Testament?Matthew
68.2%
Who was lead singer of 'The Doors'?Morrison (Jim)
67%
What is the name of the young boy raised by wolves in Kipling's 'The Jungle Book'?Mowgli
66.1%
Who is the lead singer of 'Coldplay'?Martin (Chris)
63.5%
In what Saudi Arabian city was the prophet Muhammad born?Mecca
60.2%
Which country hosted the 1968 Summer Olympics and the 1970 Football World Cup?Mexico
58.2%
Whisky, sweet vermouth and bitters make what cocktail, garnished with a cherry?Manhattan
55.8%
In mathematics, what name is given to the most common value in a data set?Mode
54.4%
What name is given to the indigenous Polynesian people of New Zealand?Māori
51.8%
What does the last 'M' in film company's name MGM stand for?Mayer
50.2%
Who created the TV series 'Family Guy' and 'American Dad!'?MacFarlane (Seth)
46.3%
Ulaanbaatar or Ulan Bator is the capital of what country?Mongolia
45.8%
Tommy Lee is the long-term drummer with which U.S. rock band?Mötley Crüe
45.5%
Remove Ads.
Support Sporcle.
Get the best of Sporcle when you Go Orange. This ad-free experience offers more features, more stats, and more fun while also helping to support Sporcle. Thank you for becoming a member.

You're not logged in!

Compare scores with friends on all Sporcle quizzes.
OR
Log In

Sporcle TV

Today on Sporcle TV


Watch our educational content, quiz creation guides, and fun videos on Sporcle TV.

Show Comments

Extras

Top Quizzes Today


Score Distribution

Paid Content

Your Account Isn't Verified!

In order to create a playlist on Sporcle, you need to verify the email address you used during registration. Go to your Sporcle Settings to finish the process.

Report this User

Report this user for behavior that violates our Community Guidelines.

Details: